000 00218nam a2200097Ia 4500
005 20251222114415.0
008 251222s1900||||xx |||||||||||||| ||spa||
082 _aDVD0050/B28/2007
245 0 _aTransformers:
942 _cDVD
999 _c2179
_d2179